Diccionario Enciclopédico Actual

Bibliographic Details
Format: Section = Libro
Language:Undetermined
Spanish
Published: Colombia Ediciones y Distribuciones Universitarias 1996
Subjects:
LEADER 00479nam a2200169Ia 4500
008 240829s9999 xx 000 0 und d
020 |a 958-642-045-0 
040 |a BIBLIOTECA-RUPAP Ref 036 P349 
041 |a spa 
082 |a Ref 036 P349 
245 1 0 |a Diccionario Enciclopédico Actual 
260 |a Colombia  |b Ediciones y Distribuciones Universitarias  |c 1996 
300 |a 1388 p. il. 
650 7 |a ENCICLOPEDIA - DICCIONARIO. I. Tít. 
942 |c BK  |2 ddc 
991 |a TEXTO 
999 |c 10265